| 000 | 00701nam a2200181 a 4500 | ||
|---|---|---|---|
| 008 | 130409s2010 ||||||||||||||||| || u | ||
| 020 | _a9780123736567 | ||
| 050 | _aQP 431 Kin | ||
| 100 | _aKingdom, Frederick A. A | ||
| 245 | 1 | 0 |
_aPsychophysics: a practical introduction _cby Fredrerick A. A. Kingdom and Nicolaas Prins |
| 260 |
_aLondon: _bAcademic Press _c2010 |
||
| 300 | _axv, 279p.: ill. | ||
| 650 | _aPSYCHOPHYSIOLOGY--METHODOLOGY | ||
| 650 | _aSENSES AND SENSATION--TESTING | ||
| 650 | _aPSYCHOPHYSICS | ||
| 700 | _aPrins, Nicolaas | ||
| 995 |
_FCBU-MAIN LIBRARY (Kitwe) _M1 _UAVAILABLE _WJun 14, 2013 _ZMain Library Open Access Collection |
||
| 999 |
_c55248 _d55248 |
||